00331nam a2200109Ia 4500008004100000082000800041100001600049245003600065942000600101952009900107999001500206240331s9999 xx 000 0 und d bNAR aNarayanan,M 0a90 Galil malligai sirukadeyigal cL 001040708LaWERCLbWERCLcSSCd2024-03-31l0o 891.811 NARp6408r2024-03-31w2024-03-31yL c4736d4736